000 00421nam a2200169 4500
001 21936
005 20230410143310.0
008 060907n1973 dr spa
035 _9funglode22099
041 _aEN
050 1 4 _aRosa
100 _aAnderson, Chuck
245 1 4 _aThe electric journalist /
_cChuck Anderson
260 _aNew York :
_bPaeger Publishers,
_c1973
300 _a136 p.
942 _2lcc
_cbk
999 _c99070
_d99070